Country Logic Puzzle by Scambigol #4b - borders with a Colourful Map - Statistics

General Stats
  • This quiz has been taken 2,037 times
    1,809 since last reset
  • The average score is 82 of 92
Answers on the Map
Answers color-coded by a green-red scale on the quiz's map according to % correct below.
 
Answer Stats
Country % Correct
Brazil
97%
Uruguay
97%
Paraguay
96%
Peru
96%
Bolivia
95%
Chile
95%
Mexico
94%
Germany
93%
Spain
93%
France
92%
Guatemala
92%
Panama
92%
Austria
91%
China
91%
Costa Rica
91%
Czech Republic
91%
Honduras
91%
Indonesia
91%
Italy
91%
Nicaragua
91%
North Korea
91%
Norway
91%
Russia
91%
Sweden
91%
Switzerland
91%
Ukraine
91%
Belarus
90%
Croatia
90%
Hungary
90%
India
90%
Lithuania
90%
Malaysia
90%
Nigeria
90%
Oman
90%
Romania
90%
Slovakia
90%
Slovenia
90%
South Africa
90%
Thailand
90%
Turkey
90%
Afghanistan
89%
Azerbaijan
89%
Bulgaria
89%
Cambodia
89%
Georgia
89%
Iran
89%
Laos
89%
Myanmar
89%
Pakistan
89%
Saudi Arabia
89%
Serbia
89%
Yemen
89%
Algeria
88%
Cameroon
88%
Egypt
88%
Ethiopia
88%
Iraq
88%
Israel
88%
Kazakhstan
88%
Kuwait
88%
Kyrgyzstan
88%
Libya
88%
Mali
88%
Morocco
88%
Senegal
88%
Sudan
88%
Tajikistan
88%
Tunisia
88%
Central African Republic
87%
Chad
87%
Democratic Republic Of The Congo
87%
Eswatini
87%
Guinea
87%
Mozambique
87%
Namibia
87%
Niger
87%
Syria
87%
Zimbabwe
87%
Botswana
86%
Gabon
86%
Ivory Coast
86%
Liberia
86%
Republic Of The Congo
86%
Togo
86%
Burkina Faso
85%
Sierra Leone
85%
Kenya
84%
Malawi
84%
Tanzania
84%
Rwanda
83%
South Sudan
83%
Uganda
83%
No matching quizzes found
Score Distribution
Percent of People with Each Score
Percentile by Number Answered
Your Score History
You have not taken this quiz since the last reset